00464nam a2200169Ia 4500001001000000003000500010008004100015010001100056040000900067082001700076100002700093245007200120260003200192300001100224650003200235650002700267Para_9016CHAP220125s2001 xx 000 0 und d a207794 cCHAP aPA 646.7 R63 aRodríguez Mas, Jorge aCómo mejorar nuestra comunicación /c por Jorge Rodríguez Mas aMéxico, D.F. :b Selector a111 p. aMotivación (psicología) aSuperación personal